000 00683nam a2200205Ia 4500
003 OSt
005 20250305114534.0
008 210210b2000 xxu||||| |||| 00| 0 eng d
040 _cAL
041 _aKonkani
082 _a891.468 KONH
100 _aKONKANI MAHAMANEST LEKHANAMALA.
_d ಕೊಂಕಣಿ ಮಹಾಮನೆಸ್ತ್ ಲೇಖನಮಾಲಾ
_9204185
245 _aHiriyadka Ramaraya Malya.
_bಹಿರಿಯಡ್ಕ ರಾಮರಾಯ ಮಲ್ಯ
260 _aManglur.
_bKarnataka Konkani Sahitya Akademy.
_c2000
300 _a41
650 _aHiriyadka Ramaraya Malya
_9204186
690 _aKonkani Biography
_9204187
906 _a058600
942 _2ddc
_cBK
999 _c105972
_d105972